Trẻ khuyết tật và các thể chế trợ giúp trong bối cảnh kinh tế - xã hội quá độ /

Bewaard in:
Bibliografische gegevens
Hoofdauteur: Bế Quỳnh Nga
Formaat: Artikel
Taal:Vietnamese
Onderwerpen:
Tags: Voeg label toe
Geen labels, Wees de eerste die dit record labelt!
Thư viện lưu trữ: Thư viện Trường Đại học Đà Lạt
LEADER 00895nam a2200313 4500
001 DLU040030286
040 # # |a DLU  |b vie 
041 # # |a vie 
044 # # |a vn 
100 # # |a Bế Quỳnh Nga 
245 # # |a Trẻ khuyết tật và các thể chế trợ giúp trong bối cảnh kinh tế - xã hội quá độ /  |c Bế Quỳnh Nga 
653 # # |a Kinh tế xã hội 
653 # # |a Môi trường xã hội 
653 # # |a Trẻ em khuyết tật 
653 # # |a Trợ cấp xã hội 
773 # # |t Xã hội học   |g Số 2, 2000, tr 78 - 82 
920 # # |a Phòng Tạp chí -- Trung tâm Thông tin - Thư viện Trường Đại học Đà Lạt 
933 # # |a CP 
933 # # |a XH 
994 # # |a DLU 
900 # # |a True 
911 # # |a Trần Văn Thống Nhất 
925 # # |a G 
926 # # |a A 
927 # # |a BB 
980 # # |a Thư viện Trường Đại học Đà Lạt